000 01416nam a22002657a 4500
005 20150417114937.0
010 _aENG-112535
020 _a9789381904831
_c1325.00
035 _aEN-96067
037 _bDBAD/PUB
082 _a355.033066
245 0 0 _aPerilous desert :
_cedited by Frederic Wehrey [and] Anouar Boukhars
_binsecurity in the Sahara /
260 _aNew Delhi
_bKW Publishers
_c2013
270 _a4676/21, First Floor, Ansari Road, Daryaganj,
_bNew Delhi
_e110002
300 _aviii,213p.:
_c24cm(Hb)
_bmaps
500 _a Includes bibliographical references and index.
505 _aForeword / Marwan Muasher -- Introduction / Frederic Wehrey -- The struggle for security in east Libya / Frederic Wehrey -- Borderline chaos? stabilizing Libya’s periphery / Peter Cole -- Organized crime and conflict in the Sahel-Sahara region / Wolfram Lacher -- The paranoid neighbor: Algeria and the conflict in Mali / Anouar Boukhars -- The drivers of insecurity in Mauritania / Anouar Boukhars -- Mauritania’s Islamists / Alex Thurston -- Simmering discontent in the western Sahara / Anouar Boukhars.
650 _aSecurity, International
_zSahara.
650 _aSecurity, International
_zSahel.
650 _aNational security
_zSahara.
650 _aNational security
_zSahel
700 _aWehrey, Frederic M.
700 _aBoukhars, Anouar.
942 _2ddc
_cEN
_mPER
_h355.033066
999 _c92602
_d92602